[Event "LSS SN-2009-0-00161"]
[Site "LSS email"]
[Date "2009.06.15"]
[Round "?"]
[White "Lanier, Jeff"]
[Black "Moreira Lopes, Jose Carlos"]
[Result "0-1"]
[WhiteElo "730"]
[BlackElo "800"]
[PlyCount "78"]
[EventDate "2009.06.02"]
[EventType "tourn (corr)"]
[EventRounds "6"]
[EventCountry "GER"]
[SourceTitle "Corr 2011"]
[Source "ChessBase"]
[SourceDate "2010.08.31"]
[SourceVersion "1"]
[SourceVersionDate "2010.08.31"]
[SourceQuality "1"]

1. e4 c6 2. Nc3 d5 3. d3 g6 4. Be2 d4 5. Na4 Qa5+ 6. c3 b5 7. b4 Qxa4 8. Qxa4 bxa4 9. cxd4 f5 10. Bb2 Nf6 11. Bf3 Ba6 12. Rd1 fxe4 13. dxe4 Bc4 14. a3 Bh6 15. d5 cxd5 16. exd5 Nbd7 17. d6 Rd8 18. Be2 Bb3 19. dxe7 Kxe7 20. Nf3 Bxd1 21. Bxd1 Nb6 22. 0-0 Rhe8 23. Re1+ Kf8 24. Ne5 Nc4 25. Bxa4 Nxb2 26. Bxe8 Rxe8 27. g3 Nc4 28. f4 Nxe5 29. fxe5 Ng4 30. e6 Be3+ 31. Kg2 Rxe6 32. Kf3 Nxh2+ 33. Kg2 Ng4 34. Kf3 h5 35. Rd1 Bb6 36. a4 Rf6+ 37. Ke2 Rf2+ 38. Kd3 Rf3+ 39. Kc4 Ne3+ 0-1